000 00599nam a22002417a 4500
003 UA-OsUOA
001 23311
007 ta
008 20040117b un ||||| |||| 00| 0 ukr d
100 _aХабурський Степан
090 _a242
_bХ12
942 _cBK
040 _aUA-OsUOA
_bukr
_cUA-OsUOA
_dUA-OsUOA
245 _aЕпіклєза
_bПричинки до розв'язки питання епіклєзи
300 _a204 с.
955 _a0
041 _aukr
080 _a242
260 _aКанада
_c19668
044 _aCA
650 7 _2UDC
999 _c309556
_d309556